000 00753nam a22002777a 4500
001 78682
003 UA-OsUOA
005 20210112211155.0
007 ta
008 20111018b un ||||| |||| 00| 0 ukr d
020 _a5-253-00578-1
040 _aUA-OsUOA
_brus
_cUA-OsUOA
_dUA-OsUOA
041 _arus
080 _a821.161.1(44)
090 _a821.161.1(44)
_bС98
100 _aСю Э.
245 _aАгасфер
_bроман в шести томах
246 3 1 _a5 - 8
260 _aМ.
_bПресса
_c1992
300 _a304 с.
505 _gт. 2
650 7 _a82 Література. Літературознавство
_2UDC
942 _cBK
_2udc
955 _a3
999 _c364998
_d364998